| Tag |
First Indicator |
Second Indicator |
Subfields |
| LEADER |
00000cam a2200000 a 4500 |
| 001 |
in00000028988 |
| 005 |
20151007054754.0 |
| 008 |
880107s1988 wiu b s00110 eng |
| 010 |
|
|
|a 87040376
|
| 020 |
|
|
|a 0299116603 :
|c $35.00
|
| 020 |
|
|
|a 0299116646 (pbk.) :
|c $9.95
|
| 035 |
|
|
|a (OCoLC)17385273
|
| 035 |
|
|
|9 AAB6170AM
|
| 040 |
|
|
|a DLC
|c DLC
|d UtOrBLW
|
| 049 |
|
|
|a TXAM
|c [A11502981]
|
| 050 |
0 |
0 |
|a PN1879.H65
|b S58 1988
|
| 082 |
0 |
|
|a 809.2/9358
|2 19
|
| 100 |
1 |
|
|a Skloot, Robert.
|
| 245 |
1 |
4 |
|a The darkness we carry :
|b the drama of the Holocaust /
|c Robert Skloot.
|
| 264 |
|
1 |
|a Madison, Wis. :
|b University of Wisconsin Press,
|c 1988.
|
| 300 |
|
|
|a xvi, 147 pages ;
|c 23 cm.
|
| 336 |
|
|
|a text
|b txt
|2 rdacontent
|
| 337 |
|
|
|a unmediated
|b n
|2 rdamedia
|
| 338 |
|
|
|a volume
|b nc
|2 rdacarrier
|
| 504 |
|
|
|a Bibliography: pages 131-143.
|
| 500 |
|
|
|a Includes index.
|
| 650 |
|
0 |
|a Holocaust, Jewish (1939-1945), in literature.
|
| 650 |
|
0 |
|a Drama
|y 20th century
|x History and criticism.
|
| 650 |
|
0 |
|a Jews in literature.
|
| 999 |
|
|
|a MARS
|
| 999 |
f |
f |
|s 17327886-3760-3125-bbed-e7ce5597b811
|i 1bb0c787-58db-3c01-a7b6-5bdf529c824f
|t 0
|
| 952 |
f |
f |
|p ric
|a Texas A&M University
|b Rellis Campus
|c Joint Library Facility
|d Remote Storage
|t 0
|e PN1879.H65 S58 1988
|h Library of Congress classification
|i unmediated -- volume
|m A14811502981
|
| 998 |
f |
f |
|a PN1879.H65 S58 1988
|t 0
|l Remote Storage
|